000 01089 a2200205 4500
001 57004
005 20260407155832.0
008 260407a1976 arg spa d
003 AR-UNSa-BCEJYS
040 _aAR-UNSa-BCEJYS
_bspa
_cAR-UNSa-BCEJYS
080 _a330.101.541
_xMacroeconomía
245 1 0 _aTowards a reconstruction of Macroeconomics
_pproblems of theory and policy
020 _a0-8447-1318-X
264 1 _aWhashington :
_bAmerican Enterprise Institute for Public Policy Research
_c1976
300 _a150 p.
_c22 cm.
505 _a1. The main theme and the nature of the approach – 2. Fundamentals in an elementary analytical framework – 3. Employment theory and the price level – 4. Induced innovations, distributive shares, and sustainable employment along the growth path – 5. Outline of a macroeconomic equilibrium system and the problema of shortcuts – 6. Monetarist and neo-kynesian leanings: useful or misleanding labels? – 7. Policy problems, present and future
942 _cBK
590 _aniveau_biblio:m niveau_hierar:0
100 1 _aFellner, William
999 _c6092
_d6092